| 000 | 00343nam a2200133Ia 4500 | ||
|---|---|---|---|
| 008 | 240624s9999 xx 000 0 und d | ||
| 041 | _aeng | ||
| 082 | _a519.535 EVE | ||
| 100 | _aEVERITT BRIAN | ||
| 245 | _aR AND S PLUS COMPANION TO MULTIVARIATE A | ||
| 260 |
_c2007 _aLondon _bSpringer |
||
| 300 | _axiii, 221 p.; 23 cm. | ||
| 365 |
_cERU _b30 |
||
| 999 |
_c30332 _d30332 |
||